|
|
|
|
| LEADER |
00000nam0a2200000 4500 |
| 001 |
267193 |
| 005 |
20231101234049.0 |
| 020 |
|
|
|a RU
|b 87-17148
|
| 035 |
|
|
|a (RuTPU)RU\TPU\book\290247
|
| 090 |
|
|
|a 267193
|
| 100 |
|
|
|a 20140723d1987 k y0rusy5003 ca
|
| 101 |
0 |
|
|a rus
|
| 102 |
|
|
|a RU
|
| 105 |
|
|
|a a z 001zy
|
| 200 |
1 |
|
|a Гидравлические системы защиты человека-оператора от общей вибрации
|f Ю. И. Чупраков
|
| 210 |
|
|
|a Москва
|c Машиностроение
|d 1987
|
| 215 |
|
|
|a 220 с.
|c ил.
|
| 320 |
|
|
|a Библиогр.: с. 222 (22 назв.)
|
| 516 |
1 |
|
|a Гидравлические системы защиты от вибрации
|
| 606 |
1 |
|
|a Виброзащита
|2 stltpush
|3 (RuTPU)RU\TPU\subj\51892
|9 70395
|
| 610 |
1 |
|
|a вибрации
|
| 610 |
1 |
|
|a амортизаторы гидравлические
|
| 610 |
1 |
|
|a действие на организм
|
| 610 |
1 |
|
|a гидравлические системы
|
| 610 |
1 |
|
|a человек-оператор
|
| 610 |
1 |
|
|a виброзащитные системы
|
| 610 |
1 |
|
|a эксплуатационные свойства
|
| 675 |
|
|
|a 62-752-82
|z rus
|v 3
|
| 700 |
|
1 |
|a Чупраков
|b Ю. И.
|g Юрий Иванович
|4 070
|
| 801 |
|
0 |
|a RU
|b RuMRKP
|c 19950417
|g psbo
|
| 801 |
|
1 |
|a RU
|b 63413507
|c 20140723
|
| 801 |
|
2 |
|a RU
|b 63413507
|c 20190122
|g RCR
|
| 942 |
|
|
|c BK
|